Computers in education / (Record no. 11797)
[ view plain ]
| 000 -LEADER | |
|---|---|
| fixed length control field | 00596nam a2200217Ia 4500 |
| 020 ## - INTERNATIONAL STANDARD BOOK NUMBER | |
| ISBN | 0697393038 |
| 040 ## - CATALOGING SOURCE | |
| Transcribing agency | VIA |
| 082 ## - DEWEY DECIMAL CLASSIFICATION NUMBER | |
| Classification number | 371 DUS 1998 A017 Or. |
| 245 00 - TITLE STATEMENT | |
| Title | Computers in education / |
| 250 ## - EDITION STATEMENT | |
| Edition statement | 8th ed. |
| 260 ## - PUBLICATION, DISTRIBUTION, ETC. (IMPRINT) | |
| Place of publication | Guilford, Conn. : |
| Name of publisher | Dushkin Publishing Group, |
| Year of publication | c1998. |
| 300 ## - PHYSICAL DESCRIPTION | |
| Number of Pages | x, 245 p. : |
| Other physical details | ill. ; |
| Dimensions | 28 cm. |
| 490 1# - SERIES STATEMENT | |
| Series statement | Annual editions |
| 490 1# - SERIES STATEMENT | |
| Series statement | Computer studies. |
| 650 #0 - SUBJECT ADDED ENTRY--TOPICAL TERM | |
| Topical Term | Computer managed instruction |
| 650 #0 - SUBJECT ADDED ENTRY--TOPICAL TERM | |
| Topical Term | Computer-assisted instruction |
| 650 #0 - SUBJECT ADDED ENTRY--TOPICAL TERM | |
| Topical Term | Computer literacy |
| 700 1# - ADDED ENTRY--PERSONAL NAME | |
| Personal name | Hirschbuhl, John J. |
| 700 1# - ADDED ENTRY--PERSONAL NAME | |
| Personal name | Bishop, Dwight. |
| 942 ## - ADDED ENTRY ELEMENTS (KOHA) | |
| Koha item type | សៀវភៅភាសាអង់គ្លេស |
| 952 ## - LOCATION AND ITEM INFORMATION (KOHA) | |
| Withdrawn status [LOCAL, KOHA] | 0 |
| Permanent Location | Date acquired | Koha item type | Lost status | Shelving location | Barcode | Current Location | Full call number |
|---|---|---|---|---|---|---|---|
| Library Block A | 2017-08-07 | សៀវភៅភាសាអង់គ្លេស | A017 | A13453 | Library Block A | 371 DUS 1998 A017 Or. |